| 000 | 00999cam a22002771 4500 | ||
|---|---|---|---|
| 001 | e 50000027 | ||
| 003 | DLC | ||
| 005 | 20260227111234.0 | ||
| 008 | 860908s1950 alu s001 0 eng | ||
| 010 | _ae 50000027 | ||
| 035 | _a(OCoLC)14194209 | ||
| 040 |
_aDLC _cATrT _dDLC |
||
| 042 | _apremarc | ||
| 050 | 0 | 0 |
_aL116 _b.B2 1950, no. 3 |
| 082 | _a371.6 | ||
| 100 | 1 | _aLetson, J. W. | |
| 245 | 1 | 0 |
_aBetter school buildings for Alabama; _ba planning manual. |
| 260 |
_aMontgomery, _bDept. of Education _c[1950] |
||
| 300 |
_avi, 283 p. _c23 cm. |
||
| 490 | 1 |
_aAlabama. Dept. of Education. Bulletin, _v1950, no. 3 |
|
| 501 |
_aWith: Administrator's handbook of school transportation / D. P. Culp. Montgomery : Dept. of Education, 1950. Bound together subsequent to publication. _5DLC |
||
| 504 | _aBibliography: p. 274-278. | ||
| 650 | 0 |
_aSchool buildings _zAlabama. |
|
| 710 | 1 |
_aAlabama. _bDepartment of Education. |
|
| 830 | 0 |
_aBulletin (Alabama. Department of Education) ; _v1950, no. 3 |
|
| 999 |
_c22131 _d22131 |
||